00331nam a2200133Ia 4500008004100000020001500041041001200056082001600068100001800084245004000102260003300142300000800175650001400183221030s9999 xx 000 0 und d a8187522070 aEnglish a105.23bSal aR. S. Salaria 0aComputer Oriented Numerical Methods bKhanna Pub.aNew Delhic2002 a394 aComputers